Statistics for Diaľnice v SR

Click here to take the quiz!

General Stats

  • This quiz has been taken 82 times
  • The average score is 9 of 10

Answer Stats

NápovedaOdpoveď% Correct
Nad akým mestom bude tunel Čebrať?Ružomberok
96%
Ktorá diaľnica je zatiaľ ako jediná úplne dokončená?D2
93%
Aké označenie má plánovaná rýchlostná cesta, ktorá spojí Prešov s hranicami s Poľskom?R4
93%
V ktorom roku bol otvorený úsek D1 s tunelom Prešov?2021
91%
Najnovší otvorený úsek diaľnice spája obec Mýtna s obcou...?Lovinobaňa
91%
Akú skratku má štátna spoločnosť, ktorá sa stará o slovenské diaľnice?NDS
91%
Ako sa volá tunel na D3 pri meste Čadca?Horelica
89%
Koľko mostov cez Dunaj je dokopy na diaľniciach D1, D2 a D4?3
88%
Jediný zatiaľ nerozostavaný úsek na D1 je medzi obcami Turany a ...?Hubová
88%
V ktorom roku bola otvorená časť rýchlostnej cesty R1 s názvom PR1BINA?2011
87%

Score Distribution

Percentile by Number Answered

Percent of People with Each Score

Your Score History

You have not taken this quiz